Package Design (Record no. 12098)

MARC details
000 -LEADER
fixed length control field 00332nam a2200145Ia 4500
008 - FIXED-LENGTH DATA ELEMENTS--GENERAL INFORMATION
fixed length control field 230312s9999||||xx |||||||||||||| ||und||
020 ## - INTERNATIONAL STANDARD BOOK NUMBER
International Standard Book Number 3-937718-59-0
082 ## - DEWEY DECIMAL CLASSIFICATION NUMBER
Classification number 658.823
Item number SAV-P
100 ## - MAIN ENTRY--PERSONAL NAME
Personal name Savoir;Andrea
245 #0 - TITLE STATEMENT
Title Package Design
260 ## - PUBLICATION, DISTRIBUTION, ETC.
Name of publisher, distributor, etc. Daab
Place of publication, distribution, etc. Italy
Date of publication, distribution, etc. 2008
300 ## - PHYSICAL DESCRIPTION
Extent 383
650 ## - SUBJECT ADDED ENTRY--TOPICAL TERM
Topical term or geographic name entry element Architecture
942 ## - ADDED ENTRY ELEMENTS (KOHA)
Koha item type BOOK
Holdings
Withdrawn status Lost status Source of classification or shelving scheme Damaged status Not for loan Home library Current library Date acquired Total Checkouts Full call number Barcode Date last seen Price effective from Koha item type
    Dewey Decimal Classification     Superior Information Resource Center (SIRC) Superior University- Central Library Superior Information Resource Center (SIRC) Superior University- Central Library 03/13/2023   658.823 SAV-P 12229 03/13/2023 03/13/2023 BOOK

Powered by Koha